| 000 | 00365nam a2200133Ia 4500 | ||
|---|---|---|---|
| 008 | 240624s9999 xx 000 0 und d | ||
| 041 | _aeng | ||
| 082 | _a650.1 ZAI | ||
| 100 | _aZAISS CARL | ||
| 245 | _aTRUE PARTNERSHIP REVOLUTIONARY THINKING | ||
| 260 |
_c2002 _aSan Francisco _bBerrett-Koehler Publishers |
||
| 300 | _axix, : 144 : p. : cm. ; 22 | ||
| 365 |
_c _b30 |
||
| 999 |
_c16489 _d16489 |
||